Geography Quiz

Random Geography or State Quiz

Shrunken US Cities Quiz Stats

 Plays Quiz not verified by Sporcle

Also try: Island per Letter
Challenge
Share
Tweet
Embed
Score 0/20 Timer 07:00
0 Plays Today
State City % Correct
New YorkAlbany
76.4%
New JerseyTrenton
69.1%
DelawareWilmington
62.7%
PennsylvaniaScranton
59%
OhioYoungstown
54.7%
MinnesotaDuluth
52.1%
New JerseyCamden
42.2%
IowaDavenport
41.7%
OhioCanton
38.9%
MassachusettsFall River
36.6%
State City % Correct
GeorgiaMacon
36.1%
New YorkUtica
35.1%
PennsylvaniaReading
32.8%
MassachusettsNew Bedford
32.1%
VirginiaRoanoke
27.8%
MissouriSt. Joseph
27.1%
MassachusettsLynn
24.5%
MichiganDearborn
19.6%
MassachusettsSomerville
13%
OhioParma
7.8%

You're not logged in!

Compare scores with friends on all Sporcle quizzes.
Join for Free
OR
Log In

You Might Also Like...

Show Comments

Extras

Top Quizzes Today


Score Distribution

Your Account Isn't Verified!

In order to create a playlist on Sporcle, you need to verify the email address you used during registration. Go to your Sporcle Settings to finish the process.

Report this User

Report this user for behavior that violates our Community Guidelines.

Details: